| 000 | 01957nam a2200469 i 4500 | ||
|---|---|---|---|
| 001 | DIGSIGHOM126 | ||
| 003 | NyNyDIG | ||
| 006 | m o d | ||
| 007 | cr ||||||||||| | ||
| 008 | 240404s2023 ck a ob 000 0 spa d | ||
| 035 | _a(OCoLC)1407313292 | ||
| 040 |
_aDGITA _beng _erda _epn _cDGITA |
||
| 020 |
_a9789586657785 _qpdf |
||
| 020 |
_a9789586657778 _qePub |
||
| 020 |
_z9789586657761 _qimpreso |
||
| 043 | _as-ck--- | ||
| 050 | 1 | 4 | _aKHH5917 ebook |
| 100 | 1 |
_aAriza, Libardo José, _eauthor. |
|
| 245 | 1 | 0 |
_aTres décadas de encierro : _bel constitucionalismo liminal y la prisión en la era del populismo punitivo / _cLibardo José Ariza. |
| 246 | 3 | _a3 décadas de encierro | |
| 264 | 1 |
_aBogotá D.C. : _bSiglo Editorial : _bUniversidad de los Andes, _c2023. |
|
| 300 |
_a1 online resource : _billustrations. |
||
| 336 |
_atext _btxt _2rdacontent |
||
| 337 |
_acomputer _bc _2rdamedia |
||
| 338 |
_aonline resource _bcr _2rdacarrier |
||
| 347 |
_atext file _2rdaft |
||
| 347 | _bEPUB | ||
| 490 | 1 | _aBiblioteca universitaria. Ciencias sociales y humanidades. Colección Derecho y sociedad | |
| 504 | _aIncludes bibliographical references. | ||
| 588 | 0 | _aOnline resource; title from ePub title page (Digitalia, viewed April 4, 2024) | |
| 650 | 0 |
_aPrisons _xLaw and legislation _zColombia. |
|
| 650 | 0 |
_aConstitutional law _zColombia. |
|
| 650 | 0 |
_aImprisonment _zColombia. |
|
| 650 | 0 | _aLiminality. | |
| 776 | 0 | 8 |
_iPrint version: _aAriza, Libardo José. _tTres décadas de encierro. _dBogotá D.C. : Siglo Editorial : Universidad de los Andes, 2023 _z9789586657761 |
| 791 | 2 |
_aDigitalia (Firm), _edistributor. |
|
| 793 | 0 |
_gDigitalia eBook Collection: _aSiglo del Hombre Editores |
|
| 830 | 0 |
_aBiblioteca universitaria. _pCiencias sociales y humanidades. _pColección Derecho y sociedad. |
|
| 856 | 4 | 0 |
_3Digitalia Hispánica _uhttps://www.digitaliapublishing.com/a/133086/ |
| 910 | _aPremium collection: 2024 | ||
| 942 | _cRAA | ||
| 999 |
_c282308 _d282308 |
||